Statistiques concernant 100 Personnages - en images -

Cliquez ici pour prendre le quiz!

Statistiques générales

  • Ce quiz a été pris 3 379 fois
  • Le résultat moyen est 69 sur 100

Statistiques - réponses

Réponse% Correct
Shrek
98%
Astérix
96%
Batman
95%
Bob l'éponge
95%
Clochette
95%
Mario
95%
Obélix
95%
Superman
95%
Homer Simpson
94%
Tintin
94%
Blanche-Neige
93%
Mickey Mouse
93%
Winnie l'Ourson
93%
Harry Potter
92%
Hulk
92%
Kitty White
92%
Pinocchio
92%
Spider-Man
92%
Dark Vador
91%
Garfield
91%
Yoda
91%
Donald Duck
90%
Pac-Man
90%
Pikachu
90%
Le Marsupilami
89%
Luigi
89%
E.T.
88%
Iron Man
88%
Le Joker
88%
Minnie Mouse
88%
Captain America
87%
La Panthère Rose
87%
Thor
87%
Naruto Uzumaki
85%
Olaf
85%
Wonder Woman
85%
Catwoman
84%
Dingo
83%
Lisa Simpson
83%
Maléfique
83%
Groot
82%
Jack Sparrow
82%
R2-D2
82%
Yoshi
81%
Deadpool
80%
Flash
80%
Salamèche
79%
Albus Dumbledore
77%
Woody
77%
Chewbacca
76%
Lucky Luke
76%
Gollum
74%
Dupont / Dupond
73%
Archibald Haddock
72%
Panoramix
71%
Venom
71%
Carapuce
70%
Ronald Weasley
70%
Popeye
65%
Son Goku
65%
Gandalf le Gris
64%
Robin
64%
Supergirl
64%
Tryphon Tournesol
63%
Bulbizarre
61%
Captain Marvel
57%
Roronoa Zoro
56%
Harley Quinn
55%
Raphaël
55%
Terminator
55%
Wolverine
54%
Jon Snow
53%
Krusty le Clown
53%
Mew
53%
Dark Maul
48%
BB-8
47%
Itachi Uchiwa
46%
Jabba le Hutt
46%
Jacques Sullivan / Sulli
46%
Star-Lord
44%
Bouh
43%
La Chose
43%
Saitama
43%
Optimus Prime
42%
Shazam
42%
Kermit
41%
Le Bouffon Vert
41%
Piccolo
39%
Kylo Ren
38%
Rick Grimes
38%
Rouge
38%
Tortue Géniale
38%
Spock
36%
Kevin
33%
Trunks
32%
Nébula
30%
Katsuki Bakugo
29%
Ralph Wiggum
25%
Fétide Addams
21%
Doraemon
14%

Distribution des résultats

Percentile par nombre de réponses

% des personnes avec chaque résultat

Votre développement - résultats

Vous n’avez pas pris ce quiz